000 00584nam a22001817a 4500
999 _c196172
_d196172
005 20230606161122.0
010 _aENG-137086
020 _a9789390082834
_c300.00
035 _aEN-120618
037 _bDBAD/PUB
082 _a954.03
245 _aPatriarchal Ideologies In Post-Colonial India:
_cEdited by M. Nagalakshmi and T. Senthamarai
260 _aTamil Nadu
_bShanlax Publications
_c2020
270 _a61,66 T.P.K. Main Road Vasantha Nagar
_bMadurai
_e625003
300 _a154p.;
_c22cm(Pbk)
700 _aNagalakshmi, M.
942 _2ddc
_cEN
_mPAT
_h954.03